Statistics for Most Goals in a Premier League Season

Click here to take the quiz!

General Stats

  • This quiz has been taken 12 times
  • The average score is 9 of 10

Answer Stats

NationalityGoalsAnswerClubSeason% Correct
Portugal31Cristiano RonaldoManchester United2013-14
100%
Ivory Coast29Didier DrogbaChelsea2009-10
100%
England30Harry KaneTottenham Hotspur2017-18
90%
England29Harry KaneTottenham Hotspur2016-17
90%
Uruguay31Luis SuarezLiverpool2007-08
90%
Egypt32Mohamed SalahLiverpool2017-18
90%
Netherlands30Robin Van PersieArsenal2011-12
90%
France30Thierry HenryArsenal2003-04
90%
England31Alan ShearerBlackburn Rovers1995-96
80%
England30Kevin PhillipsSunderland1999-00
30%

Score Distribution

Percentile by Number Answered

Percent of People with Each Score

Your Score History

You have not taken this quiz